| 000 | 00828nam a22001577a 4500 | ||
|---|---|---|---|
| 005 | 20120124114545.0 | ||
| 020 |
_a8185826005 _c200.00 |
||
| 082 | _a507.8 | ||
| 100 |
_aशर्मा, श्यामसुन्दर _940460 |
||
| 245 |
_aआओ प्रयोग करें / _cशर्मा, श्यामसुन्दर |
||
| 260 |
_aनई दिल्ली _bग्रंथ अकादमी _c2011 |
||
| 270 |
_a1659, पुराना दरियागंज _bनई दिल्ली |
||
| 300 |
_a116 पृ. _bसचित्र _c24 सेमी (सजिल्द) |
||
| 942 |
_2ddc _cCH _mशर्माश्या _h507.8 |
||
| 999 |
_c61406 _d61406 |
||